| 000 | 01282cam a2200337Ia 4500 | ||
|---|---|---|---|
| 999 |
_c10439 _d10439 |
||
| 001 | 42873782 | ||
| 003 | OCoLC | ||
| 005 | 20241126110732.0 | ||
| 008 | 991123s1999 wau 000 0 eng d | ||
| 020 | _a1576581454 | ||
| 020 | _a9781576581452 | ||
| 035 | _a(OCoLC)42873782 | ||
| 040 |
_aTCA _cTCA _dBAKER _dBTCTA _dOCLCG _dFHP |
||
| 082 |
_a266.0092 _bBEN |
||
| 092 | _aBIO MULLE | ||
| 100 | 1 |
_aBenge, Janet, _d1958- _917368 |
|
| 245 | 1 | 0 |
_aGeorge Muller : _bthe guardian of Bristol's orphans / _cJanet and Geoff Benge |
| 260 |
_aSeattle, WA : _bYWAM Pub., _cc1999 |
||
| 300 |
_a205 p. : _bmap ; _c21 cm |
||
| 490 | 0 | _aChristian heroes, then & now | |
| 504 | _aIncludes bibliographical references (p. 204) | ||
| 520 | _aA biography of English evangelist and philanthropist, George Muller, who established orphanages in Bristol that ultimately cared for thousand of children | ||
| 521 | 0 | _a6.6 | |
| 600 | 1 | 0 |
_aM©ơller, George, _d1805-1898 _vJuvenile literature _918151 |
| 650 | 0 |
_aPlymouth Brethren _vBiography _vJuvenile literature _918152 |
|
| 650 | 0 |
_aOrphanages _zGreat Britain _vJuvenile literature _918153 |
|
| 651 | 0 |
_aBristol (England) _vBiography _vJuvenile literature _918154 |
|
| 655 | 0 |
_aBiography _95066 |
|
| 700 | 1 |
_aBenge, Geoff, _d1954- _917373 |
|
| 942 |
_2ddc _cBK |
||